000
00332 a2200145 4500
001
47967
040
_c
Anchieta - Aquarius
100
_a
Lopes, Teresa
240
1
0
_a
Histórias que acabam aqui
_l
por
245
1
0
_a
Histórias que acabam aqui
300
_a
31
362
0
_a
2005
650
4
_a
Literatura infanto-juvenil
942
_c
BK
999
_c
47967
_d
47967